<?xml version="1.0" encoding="UTF-8"?>
<record
    xmlns:xsi="http://www.w3.org/2001/XMLSchema-instance"
    xsi:schemaLocation="http://www.loc.gov/MARC21/slim http://www.loc.gov/standards/marcxml/schema/MARC21slim.xsd"
    xmlns="http://www.loc.gov/MARC21/slim">

  <leader>01381nam a2200205   4500</leader>
  <controlfield tag="001">8697</controlfield>
  <controlfield tag="005">20181127190537.0</controlfield>
  <datafield tag="020" ind1="0" ind2="0">
    <subfield code="a">9780324586596</subfield>
  </datafield>
  <datafield tag="090" ind1="0" ind2="0">
    <subfield code="a">337</subfield>
  </datafield>
  <datafield tag="100" ind1="0" ind2="0">
    <subfield code="a">Carbaugh, Robert J.</subfield>
  </datafield>
  <datafield tag="245" ind1="0" ind2="0">
    <subfield code="a">International economics /</subfield>
    <subfield code="b"></subfield>
    <subfield code="c">Robert J Carbaugh</subfield>
    <subfield code="h"></subfield>
  </datafield>
  <datafield tag="250" ind1="0" ind2="0">
    <subfield code="a">12th ed</subfield>
  </datafield>
  <datafield tag="260" ind1="0" ind2="0">
    <subfield code="a">Mason : </subfield>
    <subfield code="b">South-Western Cengage Learning, </subfield>
    <subfield code="c">2009.</subfield>
  </datafield>
  <datafield tag="300" ind1="0" ind2="0">
    <subfield code="a">XXII, 553 s. ; 23 cm.</subfield>
  </datafield>
  <datafield tag="505" ind1=" " ind2=" ">
    <subfield code="a">CONTENTS: The International Economy and Globalization. 2.  Foundations of Modern Trade Theory: Comparative  Advantage. 3. Sources of Comparative Advantage. 4.  Tariffs. 5. Nontariff Trade Barriers. 6. Trade  Regulations and Industrial Policies. 7. Trade Policies  for the Developing Nations. 8. Regional Trading  Arrangements. 9. International Factor Movements and  Multinational Enterprises. 10. The Balance of Payments.  11. Foreign Exchange. 12. Exchange-Rate Determination.  13. Balance-of-Payments Adjustments. 14. Exchange-Rate  Adjustments and the Balance of Payments. 15. Exchange- Rate Systems and Currency Crises. 16. Macroeconomic  Policy in an Open Economy. 17. International Banking:  Reserves, Debt, and Risk.</subfield>
    <subfield code="g"></subfield>
    <subfield code="r"></subfield>
    <subfield code="t"></subfield>
  </datafield>
  <datafield tag="520" ind1=" " ind2=" ">
    <subfield code="a">Offers easy-to-understand coverage of international trade  and finance theory. This title is also suitable for those  with little economics background</subfield>
  </datafield>
  <datafield tag="650" ind1="0" ind2="0">
    <subfield code="a"></subfield>
    <subfield code="x"></subfield>
  </datafield>
  <datafield tag="650" ind1="0" ind2="0">
    <subfield code="a"></subfield>
    <subfield code="x"></subfield>
  </datafield>
  <datafield tag="650" ind1="0" ind2="0">
    <subfield code="a">International economic relations.</subfield>
    <subfield code="x"></subfield>
  </datafield>
  <datafield tag="999" ind1=" " ind2=" ">
    <subfield code="c">7537</subfield>
    <subfield code="d">7537</subfield>
  </datafield>
  <datafield tag="952" ind1=" " ind2=" ">
    <subfield code="0">0</subfield>
    <subfield code="1">0</subfield>
    <subfield code="2">ddc</subfield>
    <subfield code="4">0</subfield>
    <subfield code="7">0</subfield>
    <subfield code="8">MAIN</subfield>
    <subfield code="a">RTCLIB</subfield>
    <subfield code="b">RTCLIB</subfield>
    <subfield code="c">MAIN</subfield>
    <subfield code="d">2021-04-08</subfield>
    <subfield code="h"> </subfield>
    <subfield code="i">13170</subfield>
    <subfield code="l">2</subfield>
    <subfield code="m">2</subfield>
    <subfield code="o">337 CAR</subfield>
    <subfield code="p">30013355</subfield>
    <subfield code="r">2023-04-26 00:00:00</subfield>
    <subfield code="s">2023-03-27</subfield>
    <subfield code="w">2018-11-27</subfield>
    <subfield code="y">MAIN</subfield>
  </datafield>
</record>
